000 00547nam a2200217Ia 4500
005 20241129120323.0
008 241129s9999||||xx |||||||||||||| ||und||
020 _a9788180319853
037 _aTB
040 _aSDCL
_beng
_cSDCL
041 _ahin
_2hin
084 _aO152,3N30 Q5
_qSDCL
100 _aMarkandey
_9395542
245 0 _aAgnibeej
260 _aDelhi
_bLokbahrti Prakashan India
_c2015
300 _a187p
365 _aINR
_b300
650 _aHindi
942 _cTB
_hO152,3N30 Q5
999 _c1234325
_d1234325